000 00899nam a22002177a 4500
999 _c359
_d359
003 AR-CdUCM
008 190223b ||||| |||| 00| 0 spa d
040 _aMUNICIPALIDAD PROVINCIAL DEL CUSCO
_cBIBLIOTECA MUNICIPAL DEL CUSCO
082 _a868.6 /
_bL17
100 _aLaín Entralgo, Pedro
_91461
245 _aMis páginas preferidas /
260 _aMadrid :
_bGredos,
_c1958.
300 _a338 páginas ;
_c19 cm.
440 _aBiblioteca romanica hispanica.
_nVI. antologia hispanica.
_n11
_91462
505 _aContenido: España y sus Hombres -- Cervantes -- Quevedo -- Ramón y Cajal -- Menéndez y Pelayo -- Unamuno -- Menéndez Pidal - Azorín -- Machado -- La Raíz del hombre -- El intelectual católico y otros ensayos.
650 _aLiteratos españoles
_91463
650 _aCrítica e iterpretación
_91464
650 _aEnsayos españoles
_9576
942 _2ddc
_cLIBROS
945 _azta